<?xml version="1.0" encoding="UTF-8"?>
<record
    xmlns:xsi="http://www.w3.org/2001/XMLSchema-instance"
    xsi:schemaLocation="http://www.loc.gov/MARC21/slim http://www.loc.gov/standards/marcxml/schema/MARC21slim.xsd"
    xmlns="http://www.loc.gov/MARC21/slim">

  <leader>02092nam a2200325 a 4500</leader>
  <controlfield tag="001">000005070</controlfield>
  <controlfield tag="003">OSt</controlfield>
  <controlfield tag="005">20260120073949.0</controlfield>
  <controlfield tag="007">ta</controlfield>
  <controlfield tag="008">090729s1956    dr a          001 0 spa d</controlfield>
  <datafield tag="040" ind1=" " ind2=" ">
    <subfield code="a">DO-SdBNP</subfield>
    <subfield code="b">spa</subfield>
    <subfield code="c">BNPHU</subfield>
  </datafield>
  <datafield tag="082" ind1=" " ind2="4">
    <subfield code="a">291.422</subfield>
    <subfield code="b">R894m</subfield>
    <subfield code="2">22</subfield>
  </datafield>
  <datafield tag="100" ind1="1" ind2=" ">
    <subfield code="a">Ruano, Agimiro</subfield>
    <subfield code="9">14568</subfield>
  </datafield>
  <datafield tag="245" ind1="1" ind2="3">
    <subfield code="a">La m&#xED;stica de occidente :</subfield>
    <subfield code="b">San Juan de la Cruz, fil&#xF3;sofo contempor&#xE1;neo /</subfield>
    <subfield code="c">Ruano de Laiglesia ; pr&#xF3;logo Juan Francisco S&#xE1;nchez.</subfield>
  </datafield>
  <datafield tag="260" ind1=" " ind2=" ">
    <subfield code="a">Ciudad Trujillo, Rep&#xFA;blica Dominicana :</subfield>
    <subfield code="b">Universidad de Santo Domingo,</subfield>
    <subfield code="c">1956</subfield>
    <subfield code="e">Montalvo</subfield>
  </datafield>
  <datafield tag="300" ind1=" " ind2=" ">
    <subfield code="a">25, 239 p. :</subfield>
    <subfield code="b">il. ;</subfield>
    <subfield code="c">23 cm.</subfield>
  </datafield>
  <datafield tag="490" ind1="1" ind2=" ">
    <subfield code="a">Universidad de Santo Domingo</subfield>
    <subfield code="v">105. Serie II. N&#xBA; 3</subfield>
  </datafield>
  <datafield tag="504" ind1=" " ind2=" ">
    <subfield code="a">Incluye bibliograf&#xED;a y notas al pie de p&#xE1;ginas.</subfield>
  </datafield>
  <datafield tag="504" ind1=" " ind2=" ">
    <subfield code="a">Bibliograf&#xED;a: p. 19-25.</subfield>
  </datafield>
  <datafield tag="505" ind1="0" ind2=" ">
    <subfield code="g">Dedicatoria --</subfield>
    <subfield code="g">Pr&#xF3;logo --</subfield>
    <subfield code="t">Entrada. Simbolismos en la m&#xED;stica espa&#xF1;ola --</subfield>
    <subfield code="g">Bibliograf&#xED;a:</subfield>
    <subfield code="t">A)Ediciones de San Juan de la Cruz el siglo XX --</subfield>
    <subfield code="t">B)Obras que deben conocerse sobre San Juan de Cruz hasta el siglo XX --</subfield>
    <subfield code="t">C)Obras contempor&#xE1;neas m&#xE1;s notables sobre San Juan de la Cruz --</subfield>
    <subfield code="t">D)Obras que pueden dar una idea de la m&#xED;tica occidental contempor&#xE1;nea --</subfield>
    <subfield code="g">Sugerencias de introducci&#xF3;n.</subfield>
  </datafield>
  <datafield tag="505" ind1="0" ind2=" ">
    <subfield code="g">I.- La crisis tomista:</subfield>
    <subfield code="t">La escuela de Lovaina. Maritain. Gilson --</subfield>
    <subfield code="t">San Juan de la Cruz y el esp&#xED;ritu del tomismo --</subfield>
    <subfield code="g">II.- Excursi&#xF3;n al siglo de Descartes:</subfield>
    <subfield code="t">Bossuet --</subfield>
    <subfield code="t">Desde Molinos y Fenel&#xF3;n a Malebranche --</subfield>
    <subfield code="g">Di&#xE1;logos contempor&#xE1;neos:</subfield>
    <subfield code="t">Mar&#xE9;chal, Amor Ruibal, Aim&#xE9; Forest --</subfield>
    <subfield code="t">Jean Baruzi --</subfield>
    <subfield code="t">Louis Lavelle, Jacques Paillard, G. Thibon --</subfield>
    <subfield code="t">Geograf&#xED;a espiritual de Blondel --</subfield>
    <subfield code="t">Discusi&#xF3;n en la Sorbona --</subfield>
    <subfield code="g">Lo menos sabido de San Juan de la Cruz:</subfield>
    <subfield code="t">Una frontera --</subfield>
    <subfield code="t">Invasi&#xF3;n espiritual --</subfield>
    <subfield code="t">Los inconformes.</subfield>
  </datafield>
  <datafield tag="600" ind1="1" ind2="4">
    <subfield code="a">JUAN DE LA CRUZ,</subfield>
    <subfield code="c">SANTO,</subfield>
    <subfield code="d">1542-1591</subfield>
    <subfield code="9">14569</subfield>
  </datafield>
  <datafield tag="650" ind1=" " ind2="4">
    <subfield code="a">Misticismo</subfield>
    <subfield code="x">Iglesia cat&#xF3;lica</subfield>
    <subfield code="9">14570</subfield>
  </datafield>
  <datafield tag="650" ind1=" " ind2="4">
    <subfield code="a">M&#xED;sticos</subfield>
    <subfield code="9">14571</subfield>
  </datafield>
  <datafield tag="650" ind1=" " ind2="0">
    <subfield code="a">Vida espiritual</subfield>
    <subfield code="9">268</subfield>
  </datafield>
  <datafield tag="700" ind1="1" ind2=" ">
    <subfield code="a">S&#xE1;nchez, Juan Francisco,</subfield>
    <subfield code="e">pr&#xF3;l.</subfield>
    <subfield code="9">7332</subfield>
  </datafield>
  <datafield tag="830" ind1=" " ind2="0">
    <subfield code="a">Universidad de Santo Domingo</subfield>
    <subfield code="n">105. Serie II. N&#xBA; 3</subfield>
    <subfield code="9">14572</subfield>
  </datafield>
  <datafield tag="910" ind1=" " ind2=" ">
    <subfield code="a">Validado. Control de calidad EMS.</subfield>
  </datafield>
  <datafield tag="942" ind1=" " ind2=" ">
    <subfield code="2">ddc</subfield>
    <subfield code="c">LF1</subfield>
  </datafield>
  <datafield tag="952" ind1=" " ind2=" ">
    <subfield code="0">0</subfield>
    <subfield code="1">1</subfield>
    <subfield code="5">4</subfield>
    <subfield code="7">0</subfield>
    <subfield code="8">DS</subfield>
    <subfield code="a">GR</subfield>
    <subfield code="b">GR</subfield>
    <subfield code="c">MI</subfield>
    <subfield code="d">2014-03-12</subfield>
    <subfield code="i">LF1</subfield>
    <subfield code="l">0</subfield>
    <subfield code="o">291.422 R894m</subfield>
    <subfield code="p">5070-40</subfield>
    <subfield code="r">2020-06-25</subfield>
    <subfield code="t">e. 4</subfield>
    <subfield code="w">2020-06-25</subfield>
    <subfield code="y">LFDS</subfield>
    <subfield code="Z">Pr&#xE9;stamo en sala</subfield>
  </datafield>
  <datafield tag="952" ind1=" " ind2=" ">
    <subfield code="0">0</subfield>
    <subfield code="1">0</subfield>
    <subfield code="5">4</subfield>
    <subfield code="7">0</subfield>
    <subfield code="8">DS</subfield>
    <subfield code="a">GR</subfield>
    <subfield code="b">GR</subfield>
    <subfield code="c">HD</subfield>
    <subfield code="d">2011-03-31</subfield>
    <subfield code="i">LF1</subfield>
    <subfield code="l">0</subfield>
    <subfield code="o">291.422 R894m</subfield>
    <subfield code="p">5070-30</subfield>
    <subfield code="r">2020-06-25</subfield>
    <subfield code="t">e. 3</subfield>
    <subfield code="w">2020-06-25</subfield>
    <subfield code="y">LFDS</subfield>
    <subfield code="Z">Pr&#xE9;stamo en sala</subfield>
  </datafield>
  <datafield tag="952" ind1=" " ind2=" ">
    <subfield code="0">0</subfield>
    <subfield code="1">0</subfield>
    <subfield code="5">0</subfield>
    <subfield code="7">1</subfield>
    <subfield code="8">RV</subfield>
    <subfield code="a">PD</subfield>
    <subfield code="b">PD</subfield>
    <subfield code="c">HD</subfield>
    <subfield code="d">2009-07-29</subfield>
    <subfield code="i">LF1</subfield>
    <subfield code="l">0</subfield>
    <subfield code="o">291.422 R894m</subfield>
    <subfield code="p">5070-10</subfield>
    <subfield code="r">2020-06-25</subfield>
    <subfield code="w">2020-06-25</subfield>
    <subfield code="y">1</subfield>
    <subfield code="z">Pertenecio a la biblioteca personal de Mart&#xED;nez Boog</subfield>
    <subfield code="Z">No se presta</subfield>
  </datafield>
  <datafield tag="952" ind1=" " ind2=" ">
    <subfield code="0">0</subfield>
    <subfield code="1">0</subfield>
    <subfield code="5">0</subfield>
    <subfield code="7">1</subfield>
    <subfield code="8">RV</subfield>
    <subfield code="a">PD</subfield>
    <subfield code="b">PD</subfield>
    <subfield code="c">HD</subfield>
    <subfield code="d">2009-07-29</subfield>
    <subfield code="i">LF1</subfield>
    <subfield code="l">0</subfield>
    <subfield code="o">291.422 R894m</subfield>
    <subfield code="p">5070-20</subfield>
    <subfield code="r">2020-06-25</subfield>
    <subfield code="t">e. 2</subfield>
    <subfield code="w">2020-06-25</subfield>
    <subfield code="y">1</subfield>
    <subfield code="Z">No se presta</subfield>
  </datafield>
  <datafield tag="999" ind1=" " ind2=" ">
    <subfield code="c">4874</subfield>
    <subfield code="d">4874</subfield>
  </datafield>
</record>
